00725nam a2200241Ia 450000100060000000300090000600500170001500800410003202000220007304000280009504100080012308200160013110000320014724500390017926000450021830000180026365000170028165000220029865000150032094200120033599900170034795201190036419614DO-CoUTE20260204212617.0220104s9999 dr 000 0 spa d a978-9968-48-004-8 aDO-CoUTEbspacDO-CoUTE0 aspa a304.6 B957d1 aBurgos Gómez, Elio Arturo10aDemografía / Elio Burgos Gómez aSan José, Costa Rica : Editorial Euned a248 páginas 4aDemografía 4afecundidad Humana 4aMorbilidad 2ddccBK c21212d21212 00102ddc40708CGaBUbBUd2021-01-02i019515l0o304.6 B957dp019515r2022-03-30 00:00:00tEj.1w2021-01-03yBK